The compleat beatles /

Guardado en:
Autor Principal: Montgomery, Patrick
Formato: Deslizar
Materias:
Etiquetas: Agregar Etiqueta
Sin Etiquetas, Sea el primero en etiquetar este registro!
LEADER 00739ngm a22002295g 4500
001 CEM.cems021407
008 130507b1991##################0###0#####d
005 20240822165213.0
245 1 0 |a The compleat beatles /  |c Patrick Montgomery. 
300 |a 115 
500 |a En soporte VHS, consultar en ventanilla. 
505 0 |a Historia del grupo musical. Implicancias sociológica 
538 |a Soporte: VHS - Norma: Pal N - Color - Grabación Drd 1991 - Hitachi=0000 
100 1 |a Montgomery, Patrick 
082 7 8 |/ MON 
653 |a MUSICA 
653 |a THE BEATLES 
653 |a CINE 
653 |a SOCIOLOGIA 
653 |a NIVEL PRIMARIO 
653 |a NIVEL SECUNDARIO 
859 |a CEMS  |b BIB. CEMS - Depto. Recursos Didacticos  |h 780  |i MON  |k DRD  |p 50.12  |t Ej.1